Diseño de los sistemas de abastecimiento de agua, drenaje sanitario y pluvial en urbanización Bosques de Diriagén municipio de Diriamba – departamento de Carazo
Presenta unas propuestas de diseño de alcantarillado de aguas pluviales, alcantarillado de aguas negras y planta de tratamiento de aguas residuales así como el sistema de abastecimiento de agua potable para la zona “Bosques de Diriagén” del municipio de Diriamba.
| Main Authors: | , |
|---|---|
| Other Authors: | |
| Format: | Tesis Section = Libro |
| Language: | Undetermined Spanish |
| Published: |
Managua
UNI
2019
|
| Subjects: |
| LEADER | 01195nam a2200265Ia 4500 | ||
|---|---|---|---|
| 008 | 240830s9999 xx 000 0 und d | ||
| 040 | |a BIBLIOTECA-RUPAP Mon 628.1 G216 | ||
| 041 | |a spa | ||
| 082 | |a Mon 628.1 G216 | ||
| 100 | 1 | |a García Soto, Eliezer Danilo | |
| 100 | 1 | |b Rizo González, Inti Ariel | |
| 245 | 1 | 0 | |a Diseño de los sistemas de abastecimiento de agua, drenaje sanitario y pluvial en urbanización Bosques de Diriagén municipio de Diriamba – departamento de Carazo |
| 260 | |a Managua |b UNI |c 2019 | ||
| 300 | |a 69 p. :il. | ||
| 500 | |a Contiene: anexos y CD. | ||
| 502 | |a Tesis (Ingeniero Civil)- UNI, 2019. | ||
| 520 | 3 | |a Presenta unas propuestas de diseño de alcantarillado de aguas pluviales, alcantarillado de aguas negras y planta de tratamiento de aguas residuales así como el sistema de abastecimiento de agua potable para la zona “Bosques de Diriagén” del municipio de Diriamba. | |
| 650 | 7 | |a DIRIAMBA -CARAZO (NICARAGUA)-ABASTECIMIENTO DE AGUA | |
| 650 | 7 | |b CONSUMO DE AGUA | |
| 650 | 7 | |c INGENIERIA SANITARIA | |
| 650 | 7 | |d DRENAJE-PROYECTOS | |
| 700 | 1 | |a Tutor: |b Baltodano Maldonado, José Ángel | |
| 942 | |c BK |2 ddc | ||
| 991 | |a TESIS | ||
| 999 | |c 16218 | ||